The busy, busy people /

Bibliographic Details
Main Author: Spewack, Samuel, 1899-1971
Format: Book
Language:English
Published: Boston : Houghton Mifflin Co., 1948.

MARC

Tag First Indicator Second Indicator Subfields
LEADER 00000cam a2200000 4500
001 in00000026581
005 20151007062557.0
008 751125s1948 mau 00001 eng
010 |a  48009047  
035 |a (OCoLC)01854854 
035 |9 AAD5262AM 
040 |a DLC  |c FBA  |d TXA  |d UtOrBLW 
049 |a TXAM  |c [159682] 
050 0 0 |a PZ3.S754  |b Bu 
090 |a PS3537.P543  |b B87 1948 
092 |a 813  |b S752b 
100 1 |a Spewack, Samuel,  |d 1899-1971. 
245 1 4 |a The busy, busy people /  |c Samuel Spewack. 
264 1 |a Boston :  |b Houghton Mifflin Co.,  |c 1948. 
300 |a 280 pages ;  |c 21 cm. 
336 |a text  |b txt  |2 rdacontent 
337 |a unmediated  |b n  |2 rdamedia 
338 |a volume  |b nc  |2 rdacarrier 
999 |a MARS 
999 f f |s f162ae4e-3324-3155-ab05-a80b0aedeb3f  |i d2c5c363-3fc1-362e-9145-01b40f55e4b4  |t 0 
952 f f |p ric  |a Texas A&M University  |b Rellis Campus  |c Joint Library Facility  |d Remote Storage  |t 0  |e PS3537.P543 B87 1948  |h Library of Congress classification  |i unmediated -- volume  |m A14801251237 
998 f f |a PS3537.P543 B87 1948  |t 0  |l Remote Storage